LEADER 01763nam 2200589 a 450 001 9910143290803321 005 20230617004748.0 010 $a1-78268-721-1 010 $a1-280-19964-4 010 $a9786610199648 010 $a0-470-79567-0 010 $a1-4051-6501-4 010 $a0-470-99639-0 010 $a1-4051-4142-5 035 $a(CKB)1000000000342139 035 $a(SSID)ssj0000126246 035 $a(PQKBManifestationID)11148160 035 $a(PQKBTitleCode)TC0000126246 035 $a(PQKBWorkID)10030587 035 $a(PQKB)11464990 035 $a(MiAaPQ)EBC228539 035 $a(Au-PeEL)EBL228539 035 $a(CaPaEBR)ebr10158736 035 $a(CaONFJC)MIL19964 035 $a(OCoLC)61166753 035 $a(EXLCZ)991000000000342139 100 $a20040730d2005 uy 0 101 0 $aeng 135 $aurcn||||||||| 181 $ctxt 182 $cc 183 $acr 200 02$aA companion to tragedy$b[electronic resource] /$fedited by Rebecca Bushnell 210 $aMalden, MA $cBlackwell Pub.$dc2005 215 $axi, 556 p 225 1 $aBlackwell companions to literature and culture ;$v32 300 $aBibliographic Level Mode of Issuance: Monograph 311 $a1-4051-9246-1 311 $a1-4051-0735-9 320 $aIncludes bibliographical references and index. 410 0$aBlackwell companions to literature and culture ;$v32. 606 $aTragedy$xHistory and criticism 615 0$aTragedy$xHistory and criticism. 676 $a809.2/512 701 $aBushnell$b Rebecca W.$f1952-$0561226 801 0$bMiAaPQ 801 1$bMiAaPQ 801 2$bMiAaPQ 906 $aBOOK 912 $a9910143290803321 996 $aA companion to tragedy$92063414 997 $aUNINA